Cestovatelský deník /

Hlavní autor: Makovský, David, 1996-
Další autoři: Aora, Vít, 1996-, Popovičová, Jasmína
Jazyk: Čeština
Vydáno: Praha : Mementerra s.r.o., 2019
Vydání: 1. vydání
Témata:
Fyzický popis: 197 stran : mapy ; 22 cm
Knihy
Uloženo v:
LEADER 01374nam a2200397 i 4500
001 nkc20193117920
003 CZ PrNK
005 20190919083656.0
007 ta
008 190716s2019 xr b g 000 0 cze
020 |a 978-80-907352-3-1  |q (vázáno) :  |c Kč 399,00 
040 |a BOA001  |b cze  |e rda 
072 7 |a 91  |x Geografie jako věda. Výzkum. Cestování  |2 Konspekt  |9 7 
080 |a 910.4  |2 MRF 
080 |a (047.22)  |2 MRF 
080 |a (059.3)  |2 MRF 
100 1 |a Makovský, David,  |d 1996-  |7 ola20181016298  |4 aut 
245 1 0 |a Cestovatelský deník /  |c autoři: Vít Libovický, David Makovský ; texty: Jasmína Popovičová 
250 |a 1. vydání 
264 1 |a Praha :  |b Mementerra s.r.o.,  |c 2019 
300 |a 197 stran :  |b mapy ;  |c 22 cm 
336 |a text  |b txt  |2 rdacontent 
337 |a bez média  |b n  |2 rdamedia 
338 |a svazek  |b nc  |2 rdacarrier 
500 |a Název z obálky 
650 0 7 |a cestování  |7 ph119114  |2 czenas 
650 0 7 |a cesty a pobyt  |7 ph137578  |2 czenas 
655 7 |a cestovní deníky  |7 fd891384  |2 czenas 
655 7 |a zápisníky  |7 fd133889  |2 czenas 
700 1 |a Aora, Vít,  |d 1996-  |7 xx0212172  |4 aut 
700 1 |a Popovičová, Jasmína  |4 wfw 
910 2 |a BOA001  |b 2-1435.143 
990 |a BK 
995 |a 61 
991 |b 201909  |c NOV 
996 6 |b 2610795188  |c 2-1435.143  |l MZK  |r Sklad / do 1 hodiny  |n 0  |p p.v.  |w 001754757  |u 000010  |a 1  |e BOA001  |j MZK50  |s P